Aktívny manažment projektov SIX SIGMA

Modelovanie rozhodovacích procesov o investovaní do projektov zlepšovania procesov. Model Huchzermeier - Loch.

Salvato in:
Dettagli Bibliografici
Autore principale: Tkáč, Michal, 1958-
Altri autori: Lyócsa, Štefan, 1982-
Natura: Capitolo di libro
Lingua:slovacco
Soggetti:
Tags: Aggiungi Tag
Nessun Tag, puoi essere il primo ad aggiungerne!!

MARC

LEADER 00000naa$a2200000$$$4500
001 0083166
005 20240502071933.2
041 0 |a slo 
044 |a SK 
245 1 0 |a Aktívny manažment projektov SIX SIGMA  |c Michal Tkáč, Štefan Lyócsa 
520 |a Modelovanie rozhodovacích procesov o investovaní do projektov zlepšovania procesov. Model Huchzermeier - Loch. 
610 2 0 |a riadenie projektové 
610 2 0 |a opcie 
610 2 0 |a investovanie 
610 2 0 |a modelovanie ekonometrické 
610 2 0 |a procesy rozhodovacie 
100 1 |a Tkáč, Michal, 1958- 
700 1 |a Lyócsa, Štefan, 1982-